00989nam a2200217Ia 450000500170000000800410001702000150005805000210007310000360009424501420013025000180027226000350029030000180032533600100034333700140035333800120036749000380037950400420041750502790045965000330073820231102151116.0120626s2006 mx 000 0 spa d a970637008014aLB1028bC35 20061 aCamarena Ocampo, Eugenioeautor10aInvestigación y pedagogía b : Construcción de una práctica académica en el Colegio de Pedagogía c / Eugenio Camarena Ocampo a2a. edición aMéxico b : Gernikac , 2006 a271 páginas atexto asin medio avolumen aColección Ciencias Sociales, 33 aIncluye: Bibliografía (pp. 263-271)2 aRelatos sobre una elección de profesión: ser pedagogo La investigación en el currículum de pedagogía: vivencias de una formación Investigación: función y espacio institucional Investigación y sujeto: Significados de apropiación y referentes estructurales14aPEDAGOGÍAxINVESTIGACIÓN